000
00295nam a22001337a 4500
008
181024b xxu||||| |||| 00| 0 eng d
020
_a
9781563638305
041
_a
eng
080
_a
615
100
_a
5
101
_a
FAR
245
_a
Physicians Desk Reference
_c
.mark.h
942
_2
udc
_c
BK
999
_c
50831
_d
50831